Stemmi Squadre di calcio dal dettaglio - Quiz n°10 - Statistics

Statistiche generali
  • Questo quiz è stato fatto 21 volte
  • Il punteggio medio è 6 su 10
Statistiche sulle risposte
con Immagini Risposta % Corretto
Brescia
100%
Montpellier
90%
Hoffenheim
85%
Blackburn Rovers
80%
Olympiakos
65%
İstanbul Başakşehir
60%
Caen
55%
Austria Vienna
45%
Valenciennes
25%
León
20%
Nessun quiz corrispondente trovato
Distribuzione punteggi
Percentuale di utenti per punteggio
Percentile per numero di risposta
I tuoi punteggi nel tempo
Non hai fatto questo quiz